banner koha

Cangas da Amazônia: a vegetação única de Carajás evidenciada pela lista de fanerógamas (Registro n. 332146)

MARC details
000 -LÍDER
fixed length control field 04106nab a2200337 i 4500
003 - CÓDIGO MARC DA AGÊNCIA CATALOGADORA
Campo de controle BR-BrBNA
005 - DATA E HORA DA ÚLTIMA ATUALIZAÇÃO
Campo de controle 20250620133247.0
008 - CAMPO DE TAMANHO FIXO
fixed length control field 250620b2018 bl.qr|pooa||| 00| 0 por |
040 ## - FONTE DA CATALOGAÇÃO
Agência catalogadora BR-BrBNA
Idioma da catalogação por
072 ## - CATEGORIA AGRIS
Código AGRIS F70
100 ## - ENTRADA PRINCIPAL - NOME PESSOAL
Nome pessoal Mota, Nara Furtado de Oliveira
100 ## - ENTRADA PRINCIPAL - NOME PESSOAL
Nome pessoal Watanabe, Mauricio Takashi Coutinho
100 ## - ENTRADA PRINCIPAL - NOME PESSOAL
Nome pessoal Zappi, Daniela Cristina
100 ## - ENTRADA PRINCIPAL - NOME PESSOAL
Nome pessoal Hiura, Alice Lima
100 ## - ENTRADA PRINCIPAL - NOME PESSOAL
Nome pessoal Pallos, Julieta
100 ## - ENTRADA PRINCIPAL - NOME PESSOAL
Nome pessoal Viveros, Raquel Stauffer
100 ## - ENTRADA PRINCIPAL - NOME PESSOAL
Nome pessoal Giulietti, Ana Maria
100 ## - ENTRADA PRINCIPAL - NOME PESSOAL
Nome pessoal Viana, Pedro Lage
245 ## - TÍTULO PRINCIPAL
Título principal Cangas da Amazônia: a vegetação única de Carajás evidenciada pela lista de fanerógamas
500 ## - NOTA GERAL
Nota geral Publicação on-line; Bibliography p. 1484-1488 (148 ref.); 2 tables; 4 illus.; Summaries (En, Pt)
942 ## - ADDED ENTRY ELEMENTS (KOHA)
Koha item type Analítica
520 ## - NOTA DE RESUMO
Nota de conteúdo <br/><br/>Resumo<br/><br/>Nas cangas da Floresta Nacional (FLONA) de Carajás e no Parque Nacional dos Campos Ferruginosos (PNCF)<br/>foram registradas 856 espécies, distribuídas em 116 famílias de fanerógamas. As famílias mais ricas foram<br/>Poaceae (86), Fabaceae (65) e Rubiaceae (46). O hábito herbáceo foi o melhor representado. Dois gêneros,<br/>24 espécies e uma subespécie são apontadas como endêmicas das cangas da área de estudos. Na FLONA de<br/>Carajás, a Serra Norte, com maior amostragem, possui 659 espécies de fanerógamas e na Serra Sul foram<br/>registradas 545 espécies. Aproximadamente 60% das espécies documentadas na área de estudos, incluindo<br/>espécies endêmicas, não possuem registro para o PNCF. Através da lista taxonômica aqui apresentada, foi<br/>possível demonstrar considerável distinção entre as cangas da Serra dos Carajás e as do Quadrilátero Ferrífero,<br/>em Minas Gerais, apontando também pouca correspondência dessas duas listas com a canga de Corumbá, no<br/>Mato Grosso do Sul. A riqueza e singularidade da flora da região, que inclui diversas espécies endêmicas,<br/>associada à ameaça a que estão submetidos estes ambientes por atividades de mineração, apontam para a<br/>necessidade de um planejamento para conservação das espécies da flora das cangas de Carajás.<br/><br/>Palavras-chave: Amazônia, Angiospermas, endemismo, Gimnospermas, florística, riqueza de espécies.<br/><br/><br/><br/><br/>Abstract<br/><br/>The Floresta Nacional de Carajás (FLONA of Carajás) and the Parque Nacional dos Campos Ferruginosos<br/>(PNCF) are home to canga vegetation where 856 species distributed in 116 families of seed plants were<br/>recorded. The richest families were the Poaceae (86), Fabaceae (65) and Rubiaceae (46) and the best<br/>represented habit was herbaceous. Two genera, 24 species and one subspecies are considered endemic from<br/>the canga of the studied area. Within the FLONA of Carajás, the Serra Norte was the best sampled site, and<br/>is home for 659 species of seed plants, while 545 species were recorded for the Serra Sul. Approximately<br/>60% of the species documented, including the endemics, have no record within the PNCF. Through the<br/>taxonomic list here presented, it was possible to demonstrate considerable distinction between the canga<br/>of the Serra dos Carajás and the same formation in the Quadrilátero Ferrífero, in Minas Gerais, with<br/>little correspondence between these two lists and the one from Corumbá, Mato Grosso do Sul state. The<br/>richness and singularity of the regional flora, which includes many endemisms, associated to the current<br/>threats to these environments due to mineral exploration, point to the need for planning the conservation<br/>of the species of the flora of the canga of Carajás.<br/><br/>Key words: Amazon, Angiosperms, endemism, Gymnosperms, floristics, species richness
650 ## - ASSUNTO - THESAGRO
Cabeçalho tópico ou nome geográfico AMAZÔNIA
650 ## - ASSUNTO - THESAGRO
Cabeçalho tópico ou nome geográfico PLANTA ANGIOSPERMA
650 ## - ASSUNTO - THESAGRO
Cabeçalho tópico ou nome geográfico ÁRVORE GIMNOSPERMA
650 ## - ASSUNTO - THESAGRO
Cabeçalho tópico ou nome geográfico COMPOSIÇÃO BOTÂNICA
650 ## - ASSUNTO - THESAGRO
Cabeçalho tópico ou nome geográfico ESPÉCIE
773 0# - ENTRADA ANALÍTICA
Host Biblionumber 709
Registro do item 350966
Imprenta Rio de Janeiro-RJ Jardim Botanico do Rio de Janeiro 1935
Outro identificador 2025-3590
Título Rodriguésia (Brazil)
ISSN 0370-6583; 2175-7860 on-line
Colação v. 69(3) p. 1435-1488; (2018)
Número de controle de registro BR2025003162
856 ## - ACESSO E ENDEREÇO ELETRÔNICO
Identificador uniforme de recurso - URI https://www.scielo.br/j/rod/a/7hm73khqzS4gyg8jTk3SGmh/?format=pdf&lang=pt

Nenhum exemplar disponível.

BINAGRI

Telefone: (61)3218-2567/2388/3357/2097 - binagri@agro.gov.br

Ministério da Agricultura e Pecuária , Esplanada dos Ministérios, Bloco D, Anexo B, Brasília/DF, CEP: 70.043-900